[Event "MCR druzstev mladsich zaku 2016"]
[Site "Hradec Kralove"]
[Date "2016.06.12"]
[Round "3.13"]
[White "Neumann (Slavia Orlova), Filip"]
[Black "Vojta (Polabiny A), Jakub"]
[Result "1-0"]
[BlackElo "1967"]
[WhiteElo "1823"]
[LiveChessVersion "1.4.8"]

1. Nf3 {[%clk 0:25:13]} d5 {[%clk 0:24:59]} 2. g3 {[%clk 0:25:18]} c5
{[%clk 0:24:45]} 3. c4 {[%clk 0:25:27]} d4 {[%clk 0:24:18]} 4. b4
{[%clk 0:25:22]} Bf5 {[%clk 0:21:59]} 5. d3 {[%clk 0:24:20]} e6 {[%clk 0:21:50]}
6. Bg2 {[%clk 0:23:16]} Nd7 {[%clk 0:20:54]} 7. O-O {[%clk 0:22:13]} Ngf6
{[%clk 0:20:21]} 8. Nbd2 {[%clk 0:18:56]} e5 {[%clk 0:17:37]} 9. b5
{[%clk 0:15:26]} h6 {[%clk 0:16:37]} 10. Nh4 {[%clk 0:14:20]} Bh7
{[%clk 0:15:35]} 11. Bxb7 {[%clk 0:14:00]} Rb8 {[%clk 0:15:33]} 12. Bg2
{[%clk 0:13:30]} Bd6 {[%clk 0:14:51]} 13. a4 {[%clk 0:10:38]} O-O
{[%clk 0:13:22]} 14. Nhf3 {[%clk 0:09:00]} e4 {[%clk 0:12:00]} 15. Ne1
{[%clk 0:05:02]} exd3 {[%clk 0:11:37]} 16. exd3 {[%clk 0:05:10]} Ne5
{[%clk 0:11:23]} 17. Ndf3 {[%clk 0:04:45]} Nfd7 {[%clk 0:11:01]} 18. Nxe5
{[%clk 0:03:53]} Nxe5 {[%clk 0:11:09]} 19. Bf4 {[%clk 0:03:59]} Re8
{[%clk 0:10:01]} 20. Ra2 {[%clk 0:02:42]} Qf6 {[%clk 0:09:18]} 21. Re2
{[%clk 0:02:19]} g5 {[%clk 0:07:50]} 22. Bxe5 {[%clk 0:02:04]} Bxe5
{[%clk 0:07:48]} 23. Nf3 {[%clk 0:01:44]} Bd6 {[%clk 0:07:55]} 24. Rfe1
{[%clk 0:01:20]} Kf8 {[%clk 0:07:14]} 25. Rxe8+ {[%clk 0:01:19]} Rxe8
{[%clk 0:07:24]} 26. Rxe8+ {[%clk 0:01:28]} Kxe8 {[%clk 0:07:32]} 27. Qe2+
{[%clk 0:01:37]} Kd8 {[%clk 0:06:55]} 28. Nd2 {[%clk 0:01:28]} Qe6
{[%clk 0:06:17]} 29. Qxe6 {[%clk 0:00:49]} fxe6 {[%clk 0:06:18]} 30. Be4
{[%clk 0:00:52]} Bf5 {[%clk 0:06:06]} 31. Bxf5 {[%clk 0:00:36]} exf5
{[%clk 0:06:16]} 32. Kg2 {[%clk 0:00:41]} Kc7 {[%clk 0:06:00]} 33. Kf3
{[%clk 0:00:49]} Kb6 {[%clk 0:06:04]} 34. Nb3 {[%clk 0:00:59]} g4+
{[%clk 0:05:56]} 35. Kg2 {[%clk 0:00:59]} Kc7 {[%clk 0:06:00]} 36. Na5
{[%clk 0:01:03]} f4 37. gxf4 Bxf4 {[%clk 0:05:36]} 38. Nc6 {[%clk 0:00:51]} a6
{[%clk 0:05:17]} 39. h3 {[%clk 0:00:48]} h5 {[%clk 0:05:20]} 40. hxg4
{[%clk 0:00:51]} hxg4 {[%clk 0:05:29]} 41. Ne7 {[%clk 0:01:00]} axb5 42. axb5 Be5
{[%clk 0:05:17]} 43. Ng6 {[%clk 0:00:37]} Bd6 {[%clk 0:05:12]} 44. Nh4
{[%clk 0:00:46]} Bf4 {[%clk 0:05:11]} 45. Nf5 {[%clk 0:00:49]} Kb7
{[%clk 0:05:11]} 46. Ng7 {[%clk 0:00:49]} Be5 {[%clk 0:05:13]} 47. Ne6
{[%clk 0:00:48]} Kb6 {[%clk 0:05:19]} 48. f4 {[%clk 0:00:30]} gxf3+
{[%clk 0:05:14]} 49. Kxf3 {[%clk 0:00:39]} Bd6 {[%clk 0:05:15]} 50. Ke4
{[%clk 0:00:47]} Be7 {[%clk 0:05:20]} 51. Kd5 {[%clk 0:00:52]} 1-0

[Event "MCR druzstev mladsich zaku 2016"]
[Site "Hradec Kralove"]
[Date "2016.06.12"]
[Round "3.14"]
[White "Jirousek (Polabiny A), Jan"]
[Black "Sebesta (Slavia Orlova), Jan"]
[Result "1/2-1/2"]
[BlackElo "1706"]
[WhiteElo "1633"]
[LiveChessVersion "1.4.8"]

1. d4 {[%clk 0:25:10]} Nf6 {[%clk 0:24:59]} 2. c4 {[%clk 0:25:18]} g6
{[%clk 0:24:43]} 3. Nc3 {[%clk 0:25:25]} d5 {[%clk 0:24:20]} 4. cxd5
{[%clk 0:25:01]} Nxd5 {[%clk 0:23:41]} 5. e4 {[%clk 0:25:09]} Nxc3
{[%clk 0:23:18]} 6. bxc3 {[%clk 0:25:17]} Bg7 {[%clk 0:22:28]} 7. Rb1
{[%clk 0:24:37]} a6 {[%clk 0:18:40]} 8. Nf3 {[%clk 0:24:37]} c5 {[%clk 0:18:07]}
9. Be2 {[%clk 0:22:39]} Nc6 {[%clk 0:15:19]} 10. d5 {[%clk 0:21:56]} Ne5
{[%clk 0:12:08]} 11. Nxe5 {[%clk 0:21:39]} Bxe5 {[%clk 0:12:12]} 12. Qd2
{[%clk 0:21:21]} Bg7 {[%clk 0:10:07]} 13. O-O {[%clk 0:20:54]} O-O
{[%clk 0:09:03]} 14. f4 {[%clk 0:20:37]} b5 {[%clk 0:05:12]} 15. c4
{[%clk 0:17:48]} b4 {[%clk 0:04:58]} 16. Bb2 {[%clk 0:17:46]} Bxb2
{[%clk 0:03:58]} 17. Qxb2 {[%clk 0:17:20]} Qb6 {[%clk 0:02:49]} 18. Bf3
{[%clk 0:16:46]} Bb7 {[%clk 0:01:42]} 19. Qf2 {[%clk 0:16:22]} Rad8
{[%clk 0:01:00]} 20. Rb2 {[%clk 0:16:16]} e6 {[%clk 0:00:38]} 21. Rfb1
{[%clk 0:15:17]} exd5 {[%clk 0:00:38]} 22. exd5 {[%clk 0:15:17]} Qd6
{[%clk 0:00:34]} 23. g3 {[%clk 0:14:42]} f5 {[%clk 0:00:26]} 24. Re1
{[%clk 0:14:20]} Rfe8 {[%clk 0:00:24]} 25. Rbe2 {[%clk 0:14:29]} Qd7
{[%clk 0:00:24]} 26. Re3 {[%clk 0:13:34]} Rxe3 {[%clk 0:00:30]} 27. Qxe3
{[%clk 0:13:37]} Kf7 {[%clk 0:00:27]} 28. Qe6+ {[%clk 0:13:00]} Kg7
{[%clk 0:00:17]} 29. Qe7+ {[%clk 0:12:54]} Kg8 {[%clk 0:00:24]} 30. Qxd7
{[%clk 0:12:17]} Rxd7 {[%clk 0:00:32]} 31. Re5 {[%clk 0:10:25]} Kf7
{[%clk 0:00:32]} 32. Kf2 {[%clk 0:10:23]} a5 {[%clk 0:00:29]} 33. Bd1
{[%clk 0:10:21]} Re7 {[%clk 0:00:28]} 34. Ba4 {[%clk 0:09:52]} Kf6
{[%clk 0:00:25]} 35. Rxe7 {[%clk 0:09:25]} Kxe7 {[%clk 0:00:34]} 36. Bb5
{[%clk 0:09:15]} Bc8 {[%clk 0:00:32]} 37. Ke3 {[%clk 0:08:53]} Bd7
{[%clk 0:00:36]} 38. Bxd7 {[%clk 0:08:26]} Kxd7 {[%clk 0:00:45]} 39. Kd3
{[%clk 0:08:31]} a4 {[%clk 0:00:49]} 40. Kc2 {[%clk 0:08:35]} Kd6
{[%clk 0:00:53]} 41. h4 {[%clk 0:08:18]} h5 {[%clk 0:01:01]} 42. Kb2
{[%clk 0:07:57]} Kd7 {[%clk 0:01:07]} 43. Kc2 {[%clk 0:07:21]} 1/2-1/2

[Event "MCR druzstev mladsich zaku 2016"]
[Site "Hradec Kralove"]
[Date "2016.06.12"]
[Round "3.15"]
[White "Kijonka (Slavia Orlova), Ondrej"]
[Black "Ret (Polabiny A), Adam Josef"]
[Result "0-1"]
[BlackElo "1460"]
[WhiteElo "1500"]
[LiveChessVersion "1.4.8"]

1. e4 e6 2. d4 d5 3. e5 c5 4. c3 Qb6 5. Nf3 Nc6 6. Be2 cxd4 7. cxd4 Bb4+ 8. Nc3
Nge7 9. O-O Nf5 10. Be3 Bd7 11. Rb1 Rc8 12. a3 Bxc3 13. bxc3 Qc7 14. Qc2 Nxe3 15.
fxe3 Ne7 16. Rbc1 Nf5 17. Qd3 a6 18. e4 Bb5 19. Qc2 Ne3 20. Bxb5+ axb5 21. Qe2
Nxf1 22. Qxf1 dxe4 23. Ng5 Qd7 24. Nxe4 O-O 25. Qd3 f5 26. exf6 gxf6 27. Qg3+ Qg7
28. Qd6 Qf7 29. Qg3+ Qg6 30. Qf3 f5 31. Nd6 Rb8 32. Nxb5 Qg5 33. Re1 Rbc8 34.
Qxb7 Qd2 35. Rf1 Qe3+ 36. Kh1 Qd3 37. Re1 Qd2 38. Rf1 Qd3 39. Re1 Rb8 40. Qd7
Qxb5 41. Qxe6+ Kh8 42. Qa2 Rbe8 43. Rd1 Qe2 44. Qb1 Rg8 45. Rg1 Qf2 0-1

[Event "MCR druzstev mladsich zaku 2016"]
[Site "Hradec Kralove"]
[Date "2016.06.12"]
[Round "3.16"]
[White "Pulpan (Polabiny A), Ondrej"]
[Black "Nedela (Slavia Orlova), Adam"]
[Result "0-1"]
[BlackElo "1468"]
[WhiteElo "1479"]
[LiveChessVersion "1.4.8"]

1. e4 {[%clk 0:25:03]} Nf6 {[%clk 0:25:17]} 2. Nc3 {[%clk 0:25:09]} d6
{[%clk 0:25:20]} 3. d4 {[%clk 0:25:10]} g6 {[%clk 0:25:25]} 4. Nf3
{[%clk 0:24:54]} Bg7 {[%clk 0:25:09]} 5. Bg5 {[%clk 0:24:11]} O-O
{[%clk 0:24:50]} 6. Qd2 {[%clk 0:22:58]} Nbd7 {[%clk 0:24:41]} 7. Bh6
{[%clk 0:22:33]} b6 {[%clk 0:24:20]} 8. Bxg7 {[%clk 0:22:27]} Kxg7
{[%clk 0:24:27]} 9. Bd3 {[%clk 0:22:08]} Bb7 {[%clk 0:24:29]} 10. O-O
{[%clk 0:21:45]} Re8 {[%clk 0:22:38]} 11. Rfe1 {[%clk 0:20:51]} Rc8
{[%clk 0:21:48]} 12. Qe2 {[%clk 0:19:00]} c5 {[%clk 0:18:30]} 13. dxc5
{[%clk 0:16:52]} Rxc5 {[%clk 0:18:32]} 14. Nd2 {[%clk 0:12:13]} Ne5
{[%clk 0:16:51]} 15. f4 {[%clk 0:11:07]} Nxd3 {[%clk 0:15:54]} 16. cxd3
{[%clk 0:10:08]} Ba6 {[%clk 0:14:16]} 17. Nb3 {[%clk 0:09:10]} Rc8
{[%clk 0:13:18]} 18. Rad1 {[%clk 0:07:52]} Qc7 {[%clk 0:12:45]} 19. Qe3
{[%clk 0:06:24]} e5 {[%clk 0:10:39]} 20. f5 {[%clk 0:05:11]} Qe7 {[%clk 0:07:33]}
21. fxg6 {[%clk 0:04:31]} hxg6 {[%clk 0:07:36]} 22. Rf1 {[%clk 0:03:10]} Rh8
{[%clk 0:07:03]} 23. Qg5 {[%clk 0:02:31]} Rh5 {[%clk 0:06:47]} 24. Qg3
{[%clk 0:01:59]} Rch8 {[%clk 0:06:33]} 25. Rf2 {[%clk 0:01:03]} Qe6
{[%clk 0:06:14]} 26. Rdf1 {[%clk 0:00:31]} Rxh2 {[%clk 0:04:54]} 27. Qxh2
{[%clk 0:00:22]} Rxh2 {[%clk 0:04:59]} 28. Kxh2 {[%clk 0:00:17]} Ng4+
{[%clk 0:04:58]} 29. Kg1 {[%clk 0:00:18]} Nxf2 {[%clk 0:05:04]} 30. Rxf2
{[%clk 0:00:26]} Bxd3 {[%clk 0:04:56]} 31. Rd2 {[%clk 0:00:32]} Ba6
{[%clk 0:04:31]} 32. Nd5 {[%clk 0:00:32]} Bb7 {[%clk 0:04:11]} 33. Nc3
{[%clk 0:00:37]} Qg4 {[%clk 0:03:42]} 34. Re2 {[%clk 0:00:30]} f5
{[%clk 0:03:27]} 35. a3 {[%clk 0:00:18]} fxe4 {[%clk 0:03:33]} 36. Rd2
{[%clk 0:00:14]} e3 {[%clk 0:03:35]} 37. Re2 {[%clk 0:00:16]} Bf3
{[%clk 0:03:15]} 38. Rc2 {[%clk 0:00:13]} e2 {[%clk 0:03:15]} 39. Rc1
{[%clk 0:00:11]} Qxg2# 0-1

[Event "MCR druzstev mladsich zaku 2016"]
[Site "Hradec Kralove"]
[Date "2016.06.12"]
[Round "3.17"]
[White "Drastichova (Slavia Orlova), Eliska"]
[Black "Brozka (Polabiny A), Karel"]
[Result "0-1"]
[BlackElo "1485"]
[WhiteElo "1329"]
[LiveChessVersion "1.4.8"]

1. e4 {[%clk 0:25:18]} e6 {[%clk 0:25:16]} 2. d4 {[%clk 0:25:23]} d5
{[%clk 0:25:21]} 3. exd5 {[%clk 0:25:26]} exd5 {[%clk 0:25:25]} 4. Be2
{[%clk 0:25:26]} Bd6 {[%clk 0:25:04]} 5. Nf3 {[%clk 0:25:29]} Nc6
{[%clk 0:24:50]} 6. O-O {[%clk 0:25:16]} Nge7 {[%clk 0:24:50]} 7. Bg5
{[%clk 0:24:48]} f6 {[%clk 0:24:56]} 8. Bh4 {[%clk 0:24:19]} Bf5 {[%clk 0:23:57]}
9. Nbd2 {[%clk 0:23:47]} Qd7 {[%clk 0:23:23]} 10. Re1 {[%clk 0:22:48]} O-O-O
{[%clk 0:22:44]} 11. c3 {[%clk 0:22:14]} g5 {[%clk 0:22:39]} 12. Bg3
{[%clk 0:21:46]} h5 {[%clk 0:22:12]} 13. Bxd6 {[%clk 0:19:38]} Qxd6
{[%clk 0:22:10]} 14. Rf1 {[%clk 0:18:31]} h4 {[%clk 0:21:44]} 15. h3
{[%clk 0:16:35]} g4 {[%clk 0:21:02]} 16. hxg4 {[%clk 0:15:46]} Bxg4
{[%clk 0:20:42]} 17. Re1 {[%clk 0:13:42]} h3 {[%clk 0:19:43]} 18. gxh3
{[%clk 0:11:36]} Bxh3 {[%clk 0:19:28]} 19. Bf1 {[%clk 0:09:23]} Rdg8+
{[%clk 0:19:17]} 20. Bg2 {[%clk 0:06:46]} Bxg2 {[%clk 0:18:28]} 21. Nh2
{[%clk 0:04:52]} Qxh2# {[%clk 0:18:29]} 0-1

[Event "MCR druzstev mladsich zaku 2016"]
[Site "Hradec Kralove"]
[Date "2016.06.12"]
[Round "3.18"]
[White "Sulcova (Polabiny A), Tereza"]
[Black "Mrozek (Slavia Orlova), Zofia"]
[Result "0-1"]
[BlackElo "1000"]
[WhiteElo "1178"]
[LiveChessVersion "1.4.8"]

1. e4 {[%clk 0:25:17]} d5 {[%clk 0:25:19]} 2. exd5 {[%clk 0:25:11]} Qxd5
{[%clk 0:25:26]} 3. Nc3 {[%clk 0:25:07]} Qa5 {[%clk 0:25:34]} 4. d4
{[%clk 0:25:06]} Nf6 {[%clk 0:25:34]} 5. Nf3 {[%clk 0:24:39]} Bg4
{[%clk 0:25:10]} 6. Bd2 {[%clk 0:23:37]} Qh5 {[%clk 0:23:01]} 7. Be2
{[%clk 0:23:17]} Nc6 {[%clk 0:22:39]} 8. Be3 {[%clk 0:22:50]} O-O-O
{[%clk 0:22:31]} 9. Qd3 {[%clk 0:20:43]} e5 {[%clk 0:21:38]} 10. Qc4
{[%clk 0:18:26]} Qg6 {[%clk 0:19:37]} 11. O-O-O {[%clk 0:16:12]} Bxf3
{[%clk 0:17:44]} 12. Bxf3 {[%clk 0:15:45]} Ng4 {[%clk 0:17:37]} 13. Be4
{[%clk 0:15:19]} Nxe3 {[%clk 0:17:26]} 14. fxe3 {[%clk 0:14:58]} Qg5
{[%clk 0:17:01]} 15. Rhe1 {[%clk 0:14:38]} exd4 {[%clk 0:16:19]} 16. Nd5
{[%clk 0:13:50]} dxe3 {[%clk 0:14:52]} 17. Nxe3 {[%clk 0:13:44]} Rxd1+
{[%clk 0:13:59]} 18. Rxd1 {[%clk 0:12:58]} Qxe3+ {[%clk 0:13:42]} 19. Kb1
{[%clk 0:13:05]} Be7 {[%clk 0:11:35]} 20. Bxc6 {[%clk 0:11:33]} bxc6
{[%clk 0:11:25]} 21. Qxc6 {[%clk 0:11:02]} Kb8 {[%clk 0:10:18]} 22. a3
{[%clk 0:09:13]} Rd8 {[%clk 0:09:11]} 23. Qb5+ {[%clk 0:08:14]} Qb6
{[%clk 0:08:29]} 24. Qxb6+ {[%clk 0:07:52]} axb6 {[%clk 0:08:35]} 25. Re1
{[%clk 0:07:45]} Bf6 {[%clk 0:08:16]} 26. Ka2 {[%clk 0:07:13]} Rd2
{[%clk 0:08:22]} 27. Rc1 {[%clk 0:06:25]} Rxg2 {[%clk 0:08:20]} 28. h3
{[%clk 0:06:04]} Rh2 {[%clk 0:08:25]} 29. Re1 {[%clk 0:05:47]} Rxc2
{[%clk 0:08:04]} 30. Rb1 {[%clk 0:05:42]} Rxb2+ {[%clk 0:08:04]} 31. Rxb2
{[%clk 0:05:47]} Bxb2 {[%clk 0:08:13]} 32. Kxb2 {[%clk 0:05:54]} c5
{[%clk 0:08:22]} 33. Kc3 {[%clk 0:06:02]} Kc7 {[%clk 0:08:31]} 34. Kc4
{[%clk 0:06:11]} Kc6 {[%clk 0:08:40]} 35. h4 {[%clk 0:06:19]} f5 {[%clk 0:08:49]}
36. a4 {[%clk 0:06:24]} f4 {[%clk 0:08:58]} 37. Kd3 {[%clk 0:06:30]} b5
{[%clk 0:09:07]} 38. axb5+ {[%clk 0:06:36]} Kxb5 {[%clk 0:09:16]} 39. Ke2
{[%clk 0:06:39]} c4 {[%clk 0:09:25]} 40. Kd2 {[%clk 0:06:46]} f3 {[%clk 0:09:34]}
41. Ke1 {[%clk 0:06:55]} c3 {[%clk 0:09:43]} 42. h5 {[%clk 0:07:03]} c2
{[%clk 0:09:52]} 43. Kd2 {[%clk 0:07:10]} f2 {[%clk 0:10:01]} 44. Kxc2
{[%clk 0:07:19]} f1=Q {[%clk 0:10:11]} 45. Kd2 {[%clk 0:07:26]} Qf3
{[%clk 0:10:19]} 46. h6 {[%clk 0:07:32]} g6 {[%clk 0:10:27]} 47. Ke1
{[%clk 0:07:39]} Qg2 {[%clk 0:10:35]} 48. Kd1 {[%clk 0:07:48]} Kc4
{[%clk 0:10:44]} 49. Kc1 {[%clk 0:07:58]} Kc3 {[%clk 0:10:53]} 50. Kb1
{[%clk 0:08:06]} Qb2# {[%clk 0:10:47]} 0-1

[Event "MCR druzstev mladsich zaku 2016"]
[Site "Hradec Kralove"]
[Date "2016.06.12"]
[Round "4.1"]
[White "Krejcok (BSS F-M \"A\"), Tobias"]
[Black "Neumann (Slavia Orlova), Filip"]
[Result "1/2-1/2"]
[BlackElo "1823"]
[WhiteElo "1794"]
[LiveChessVersion "1.4.8"]

1. e4 {[%clk 0:25:19]} c6 {[%clk 0:25:07]} 2. d4 {[%clk 0:25:25]} d5
{[%clk 0:25:16]} 3. Nc3 {[%clk 0:25:33]} dxe4 {[%clk 0:25:22]} 4. Nxe4
{[%clk 0:25:42]} Nf6 {[%clk 0:25:31]} 5. Nxf6+ {[%clk 0:25:46]} exf6
{[%clk 0:25:39]} 6. Nf3 {[%clk 0:25:19]} Bd6 {[%clk 0:25:44]} 7. Bd3
{[%clk 0:25:11]} O-O {[%clk 0:25:40]} 8. Be3 {[%clk 0:24:29]} Be6
{[%clk 0:24:48]} 9. Qd2 {[%clk 0:23:27]} Re8 {[%clk 0:24:37]} 10. a3
{[%clk 0:21:01]} Nd7 {[%clk 0:22:51]} 11. h3 {[%clk 0:19:41]} Qc7 12. c4
{[%clk 0:16:44]} Nf8 {[%clk 0:16:45]} 13. O-O-O {[%clk 0:12:54]} Rad8
{[%clk 0:14:17]} 14. g4 {[%clk 0:11:42]} Qc8 {[%clk 0:10:21]} 15. Nh4
{[%clk 0:11:05]} b5 {[%clk 0:07:20]} 16. Qc3 {[%clk 0:09:52]} bxc4
{[%clk 0:04:40]} 17. Bxc4 {[%clk 0:10:00]} Bxc4 {[%clk 0:04:49]} 18. Qxc4
{[%clk 0:10:09]} Qe6 {[%clk 0:04:35]} 19. Qxe6 {[%clk 0:09:36]} fxe6
{[%clk 0:03:16]} 20. Kb1 {[%clk 0:09:05]} Rc8 {[%clk 0:03:09]} 21. Rc1
{[%clk 0:08:49]} Nd7 {[%clk 0:03:02]} 22. Rc2 {[%clk 0:08:13]} Rc7
{[%clk 0:02:24]} 23. Rhc1 {[%clk 0:07:50]} Rec8 {[%clk 0:02:33]} 24. Nf3
{[%clk 0:07:42]} c5 {[%clk 0:02:28]} 25. dxc5 {[%clk 0:07:14]} Bxc5
{[%clk 0:02:37]} 26. b4 {[%clk 0:06:36]} Bb6 {[%clk 0:01:46]} 27. Rxc7
{[%clk 0:06:38]} Rxc7 {[%clk 0:01:55]} 28. Rxc7 {[%clk 0:06:46]} Bxc7
{[%clk 0:02:04]} 29. Bxa7 {[%clk 0:06:54]} Nb6 {[%clk 0:00:58]} 30. Kb2
{[%clk 0:06:40]} Kf7 {[%clk 0:00:43]} 31. Kb3 {[%clk 0:06:43]} Ke7
{[%clk 0:00:36]} 32. a4 {[%clk 0:06:51]} Kd7 {[%clk 0:00:40]} 33. a5
{[%clk 0:06:28]} Nd5 {[%clk 0:00:30]} 34. Kc4 {[%clk 0:06:24]} Kc6
{[%clk 0:00:24]} 35. Bc5 {[%clk 0:05:53]} Nf4 {[%clk 0:00:27]} 36. Nd4+
{[%clk 0:05:55]} Kb7 {[%clk 0:00:34]} 37. h4 {[%clk 0:05:43]} e5 {[%clk 0:00:34]}
38. Nb5 {[%clk 0:05:42]} Bb8 {[%clk 0:00:21]} 39. Bd6 {[%clk 0:05:24]} Bxd6
{[%clk 0:00:16]} 40. Nxd6+ {[%clk 0:05:33]} Ka7 {[%clk 0:00:25]} 41. Ne8
{[%clk 0:05:21]} Nh3 {[%clk 0:00:29]} 42. f3 {[%clk 0:05:20]} Ng1
{[%clk 0:00:38]} 43. Nxg7 {[%clk 0:05:22]} Nxf3 {[%clk 0:00:47]} 44. Ne8
{[%clk 0:05:13]} Nxh4 {[%clk 0:00:44]} 45. Nxf6 {[%clk 0:05:22]} Ng2
{[%clk 0:00:45]} 46. b5 {[%clk 0:04:39]} e4 {[%clk 0:00:36]} 47. Nxe4
{[%clk 0:04:27]} Ne3+ {[%clk 0:00:45]} 48. Kc5 {[%clk 0:04:33]} Nxg4
{[%clk 0:00:51]} 49. b6+ {[%clk 0:04:41]} Kb8 {[%clk 0:01:00]} 50. a6
{[%clk 0:04:01]} h5 {[%clk 0:00:44]} 51. b7 {[%clk 0:03:30]} Ne5 {[%clk 0:00:48]}
52. Nd6 {[%clk 0:01:10]} h4 {[%clk 0:00:41]} 53. Kb6 {[%clk 0:00:16]} Nd7+
{[%clk 0:00:43]} 54. Kc6 {[%clk 0:00:22]} Ne5+ {[%clk 0:00:52]} 55. Kd5
{[%clk 0:00:27]} h3 56. Nf5 {[%clk 0:00:23]} h2 {[%clk 0:00:48]} 57. Ng3
{[%clk 0:00:31]} Nd7 {[%clk 0:00:39]} 58. Kd6 {[%clk 0:00:24]} Nb6
{[%clk 0:00:16]} 59. Kc6 {[%clk 0:00:28]} Nc4 {[%clk 0:00:26]} 60. Nh1
{[%clk 0:00:25]} Ne5+ {[%clk 0:00:35]} 61. Kb6 {[%clk 0:00:27]} Nd7+
{[%clk 0:00:43]} 62. Kb5 {[%clk 0:00:33]} Ka7 {[%clk 0:00:52]} 63. Kc6
{[%clk 0:00:35]} Nb8+ {[%clk 0:01:00]} 64. Kc7 {[%clk 0:00:40]} Nxa6+
{[%clk 0:01:09]} 65. Kc8 {[%clk 0:00:46]} Nb8 {[%clk 0:01:14]} 1/2-1/2

[Event "MCR druzstev mladsich zaku 2016"]
[Site "Hradec Kralove"]
[Date "2016.06.12"]
[Round "4.2"]
[White "Sebesta (Slavia Orlova), Jan"]
[Black "Mica (BSS F-M \"A\"), Marek"]
[Result "0-1"]
[BlackElo "1859"]
[WhiteElo "1706"]
[LiveChessVersion "1.4.8"]

1. b3 {[%clk 0:25:15]} e5 {[%clk 0:25:15]} 2. Bb2 {[%clk 0:25:19]} f6
{[%clk 0:25:06]} 3. e3 {[%clk 0:25:19]} d5 {[%clk 0:24:52]} 4. c4
{[%clk 0:25:09]} Be6 {[%clk 0:24:40]} 5. cxd5 {[%clk 0:24:29]} Bxd5
{[%clk 0:24:48]} 6. Nc3 {[%clk 0:24:27]} Bf7 {[%clk 0:24:41]} 7. Nge2
{[%clk 0:23:34]} Nc6 {[%clk 0:24:32]} 8. d4 {[%clk 0:22:55]} exd4
{[%clk 0:24:31]} 9. Nxd4 {[%clk 0:23:01]} Nxd4 {[%clk 0:24:33]} 10. Qxd4
{[%clk 0:23:05]} Qxd4 {[%clk 0:24:35]} 11. exd4 {[%clk 0:23:07]} O-O-O
{[%clk 0:24:41]} 12. O-O-O {[%clk 0:20:50]} Ne7 {[%clk 0:24:47]} 13. g3
{[%clk 0:19:35]} Nd5 {[%clk 0:23:55]} 14. Bg2 {[%clk 0:18:38]} Bb4
{[%clk 0:22:58]} 15. Nxd5 Bxd5 16. Bxd5 {[%clk 0:18:15]} Rxd5 {[%clk 0:23:04]}
17. Rd3 {[%clk 0:18:11]} Rhd8 {[%clk 0:22:42]} 18. Rhd1 {[%clk 0:17:37]} Rf5
{[%clk 0:22:08]} 19. f3 {[%clk 0:17:05]} c6 {[%clk 0:22:00]} 20. Kc2
{[%clk 0:14:49]} Rh5 {[%clk 0:21:42]} 21. Rh1 {[%clk 0:14:18]} Bd6
{[%clk 0:21:14]} 22. f4 {[%clk 0:14:17]} Re8 {[%clk 0:20:42]} 23. h3
{[%clk 0:12:38]} Bb4 {[%clk 0:19:31]} 24. Bc3 {[%clk 0:12:24]} Bxc3
{[%clk 0:19:20]} 25. Kxc3 {[%clk 0:12:31]} Rd5 {[%clk 0:19:07]} 26. Rhd1
{[%clk 0:11:55]} Re4 {[%clk 0:18:29]} 27. R1d2 {[%clk 0:11:21]} Kd7
{[%clk 0:18:25]} 28. Rf3 {[%clk 0:10:56]} Ke6 {[%clk 0:18:09]} 29. g4
{[%clk 0:10:37]} f5 {[%clk 0:18:10]} 30. a3 {[%clk 0:08:19]} g6 {[%clk 0:18:07]}
31. g5 {[%clk 0:08:16]} Rd7 {[%clk 0:17:24]} 32. h4 {[%clk 0:07:32]} Kd5
{[%clk 0:17:20]} 33. a4 {[%clk 0:06:56]} Rde7 {[%clk 0:17:23]} 34. Rdd3
{[%clk 0:06:06]} Re1 {[%clk 0:17:17]} 35. Rh3 {[%clk 0:05:21]} Rf1
{[%clk 0:17:05]} 36. Rdf3 {[%clk 0:04:49]} Rxf3+ {[%clk 0:17:10]} 37. Rxf3
{[%clk 0:04:56]} Re4 {[%clk 0:17:13]} 38. b4 {[%clk 0:04:44]} b6 {[%clk 0:16:34]}
39. h5 {[%clk 0:04:21]} Rxd4 {[%clk 0:16:21]} 40. hxg6 {[%clk 0:04:04]} hxg6
{[%clk 0:16:29]} 41. Rh3 {[%clk 0:04:03]} Rxf4 {[%clk 0:16:00]} 42. Rh6
{[%clk 0:04:10]} Rf3+ {[%clk 0:16:07]} 43. Kb2 {[%clk 0:04:03]} Kc4
{[%clk 0:16:06]} 44. Rh4+ {[%clk 0:04:03]} f4 {[%clk 0:16:10]} 45. a5
{[%clk 0:03:44]} Kxb4 {[%clk 0:16:08]} 46. axb6 {[%clk 0:03:51]} Rf2+
{[%clk 0:16:13]} 47. Kc1 {[%clk 0:03:55]} axb6 {[%clk 0:16:20]} 48. Rh6
{[%clk 0:03:57]} c5 {[%clk 0:15:51]} 49. Rxg6 {[%clk 0:04:02]} b5
{[%clk 0:15:59]} 50. Rg8 {[%clk 0:04:04]} Rg2 {[%clk 0:15:55]} 51. g6
{[%clk 0:03:54]} c4 {[%clk 0:15:40]} 52. Rf8 {[%clk 0:04:00]} Rxg6
{[%clk 0:15:44]} 53. Rxf4 {[%clk 0:04:08]} Rg2 {[%clk 0:15:48]} 54. Rf3
{[%clk 0:04:03]} c3 {[%clk 0:15:45]} 55. Kb1 {[%clk 0:03:51]} Kb3
{[%clk 0:15:43]} 0-1